Sudden Death - Die Top 10 der Ewigen Tabelle der 2. Bundesliga - Statistiken

Allgemein
  • Dieses Quiz wurde 197 mal gespielt
  • Das Durchschnittsergebnis liegt bei 2 aus 10
Answers on the Grid
Answers color-coded by a green-red scale on the quiz's grid according to % correct below.
SpVgg Greuther Fürth
FC St. Pauli
Hannover 96
Alemannia Aachen
Karlsruher SC
SV Darmstadt 98
Fortuna Köln
1. FC Nürnberg
Stuttgarter Kickers
SC Freiburg
VfL Osnabrück
DSC Arminia Bielefeld
MSV Duisburg
TSV 1860 München
FC 08 Homburg
SG Wattenscheid 09
SG Dynamo Dresden
Fortuna Düsseldorf
Eintracht Braunschweig
1. FC Saarbrücken
VfL Bochum
1. FC Kaiserslautern
FC Erzgebirge Aue
Rot-Weiss Oberhausen
SC Paderborn 07
 
Antwortstatistiken
Antwort % Korrekt
SpVgg Greuther Fürth
50%
FC St. Pauli
37%
1. FC Nürnberg
31%
Hannover 96
27%
Karlsruher SC
27%
Alemannia Aachen
23%
SV Darmstadt 98
14%
SC Freiburg
12%
Fortuna Köln
11%
Stuttgarter Kickers
5%
Keine übereinstimmenden Quizze gefunden
Verteilung der Resultate
Anzahl Personen mit jedem Resultat
Perzentil nach korrekt beantworteten Fragen
Ihre Resultats-Entwicklung
Sie haben dieses Quiz noch nicht gespielt